Facts about Yugoslavia / (Record no. 163987)
[ view plain ]
| 000 -LEADER | |
|---|---|
| fixed length control field | 00687cam3a220020500 4500 |
| 001 - CONTROL NUMBER | |
| control field | qce01885099 |
| 005 - DATE AND TIME OF LATEST TRANSACTION | |
| control field | 20190826101727.0 |
| 008 - FIXED-LENGTH DATA ELEMENTS--GENERAL INFORMATION | |
| fixed length control field | 770506s1974 yu 000 0 eng d |
| 035 ## - SYSTEM CONTROL NUMBER | |
| System control number | (Sirsi) r104123 |
| 035 ## - SYSTEM CONTROL NUMBER | |
| System control number | (aeQCAT)lss01580427 |
| 035 ## - SYSTEM CONTROL NUMBER | |
| System control number | (UPRA)qce01885099 |
| 040 ## - CATALOGING SOURCE | |
| Modifying agency | UPRA |
| 050 #0 - LIBRARY OF CONGRESS CALL NUMBER | |
| Classification number | DR 370 Fac 1976 |
| 245 00 - TITLE STATEMENT | |
| Title | Facts about Yugoslavia / |
| Statement of responsibility, etc. | Prepared by: Yugoslav Review. |
| 260 ## - PUBLICATION, DISTRIBUTION, ETC. | |
| Place of publication, distribution, etc. | Belgrade : |
| Name of publisher, distributor, etc. | Federal Committee for Information, |
| Date of publication, distribution, etc. | 1976. |
| 651 #0 - SUBJECT ADDED ENTRY--GEOGRAPHIC NAME | |
| Geographic name | Yugoslavia. |
| Linkage | S47573.1 |
| 949 ## - LOCAL PROCESSING INFORMATION (OCLC) | |
| a | DR 370 Fac 1976 |
| w | lcc |
| c | 2 |
| i | 33729000046883 |
| m | MAIN |
| p | 2500 |
| t | BOOK |
| l | ON-SHELF |
| 949 ## - LOCAL PROCESSING INFORMATION (OCLC) | |
| a | DR 370 Fac 1976 |
| w | lcc |
| c | 1 |
| i | 33729000046941 |
| m | MAIN |
| p | 2500 |
| t | BOOK |
| l | ON-SHELF |
No items available.